Das Geheimnis der Gästezufriedenheit in einem 5-Sterne-Hotel - Gastronomische Vielfalt im Palais Hansen Kempinski Wien
| Main Author: | |
|---|---|
| Other Authors: | |
| Format: | Thesis |
| Kulcsszavak: | 5-Sterne-Hotel Hotellerie Gastronomie Luxushotelek Palais Hansen Kempinski Wien |
| Online Access: | http://dolgozattar.uni-bge.hu/13091 |
MARC
| LEADER | 00000nta a2200000 i 4500 | ||
|---|---|---|---|
| 001 | dolg13091 | ||
| 005 | 20180227135913.0 | ||
| 008 | 171128suuuu hu om 000 ger d | ||
| 040 | |a BGE Dolgozattár Repozitórium |b hun | ||
| 041 | |a de | ||
| 100 | 1 | |a Kiss Jennifer | |
| 245 | 1 | 4 | |a Das Geheimnis der Gästezufriedenheit in einem 5-Sterne-Hotel - Gastronomische Vielfalt im Palais Hansen Kempinski Wien |c Kiss Jennifer |h [elektronikus dokumentum] |
| 246 | 1 | 1 | |a A vendégelégedettség titka egy ötcsillagos hotelben - sokszínű gasztronómia a bécsi Kempinski Hotelben |
| 246 | 1 | 1 | |a The secret of satisfied guests in a luxury hotel - various gastronomy in Palais Hansen Kempinski Vienna |
| 520 | 3 | |a Diese Diplomarbeit versucht die breitgefächerten gastronomischen Einheiten des ausgewählten Hotels zu präsentieren und deren Marktfähigkeit zu erweisen. Palais Hansen Kempinski Wien verfügt über solche Services, welche der restlosen Vollziehung der Gästewünsche dienen. Weiterhin wird es erörtert, dass die online Erfahrungsberichte eine wichtige Entscheidungshilfe für potenzielle Kunden geworden sind. | |
| 695 | |a 5-Sterne-Hotel | ||
| 695 | |a Hotellerie | ||
| 695 | |a Gastronomie | ||
| 695 | |a Luxushotelek | ||
| 695 | |a Palais Hansen Kempinski Wien | ||
| 700 | 1 | |a Stroh Péter |e ths | |
| 856 | 4 | 0 | |u http://dolgozattar.uni-bge.hu/13091/1/Szakdolgozat_Kiss_Jennifer_v%C3%A9gleges%20%281%29.pdf |z Dokumentum-elérés |